Statistics for Countries Bordering Countries with Longest Names

Click here to take the quiz!

General Stats

  • This quiz has been taken 72 times
  • The average score is 18 of 26

Answer Stats

Country#% Correct
Democratic Republic of the Congo89
92%
China105
90%
Russia105
87%
Republic of the Congo69
83%
Brazil68
81%
Central African Republic73
79%
France72
79%
Germany78
79%
Sudan61
73%
Austria72
71%
Mali57
70%
Cameroon72
68%
Italy52
68%
Serbia74
68%
Turkey51
67%
Zambia75
67%
Chad52
63%
Poland57
63%
Uganda51
63%
South Sudan74
60%
Tanzania68
59%
Turkmenistan58
56%
Uzbekistan53
56%
Angola59
52%
Croatia51
51%
Guinea52
37%

Score Distribution

Percentile by Number Answered

Percent of People with Each Score

Your Score History

You have not taken this quiz